000 01240nam a22003617a 4500
003 CHAP
005 20220329141156.0
008 971010s1987 r 00010 d
010 _a63866
011 _a64838
035 _a70969
040 _cCHAP
090 _aTesis
100 0 0 _aEspinosa Méndez, Efraín.
_937965
245 1 _aIntroducción y evaluación agronómica de pastos tropicales en la depresión central de Chiapas
260 _aChapingo, Méx. :
_bEl autor,
_c1987
300 _a74 h.
502 _aTesis (Ing. Agrónomo Esp. en Zootecnia) -- UACH. Departamento de Zootecnia
590 _aALEPH
_b10
_c20130110
_lUCH01
_h1347
590 _aBATCH-UPD
_b10
_c20130109
_lUCH01
_h2324
590 _aBATCH-UPD
_b10
_c20130110
_lUCH01
_h0453
590 _aBATCH-UPD
_b10
_c20130409
_lUCH01
_h1847
590 _aBATCH-UPD
_b10
_c20130410
_lUCH01
_h0131
590 _aBATCH-UPD
_b10
_c20130914
_lUCH01
_h1321
590 _aCONVERSION
_b10
_c20130109
_lUCH01
_h1334
650 1 4 _aPastos forrajeros.
_986094
650 1 4 _aPastos
_xChiapas.
_986001
650 1 4 _aPastos
_xMateria seca
_xDeterminación.
_986059
650 1 4 _aPastos
_xTrópicos.
_986085
901 _aBK
942 _cTESIS
949 _bBC
_cTES
_d-142209
_eTS1
_h19748
_i70969
_si
999 _c63866
_d63866